| 000 | 01451nam a2200301Ia 4500 | ||
|---|---|---|---|
| 001 | 18408 | ||
| 003 | IT-RoPAU | ||
| 008 | 130308s9999 xx 000 0 und d | ||
| 040 | _aIT-RoPAU | ||
| 040 | _cIT-RoPAU | ||
| 041 | _aFRANCESE | ||
| 100 | _aRey Alain | ||
| 100 | _gCodice Aut. SPICS: 2100 | ||
| 245 | _aLexicologie (La)-Lectures | ||
| 245 | _bLexicologie (La)-Lectures | ||
| 250 | _a3a ed. | ||
| 260 | _aPARIS | ||
| 260 | _bKlincksieck | ||
| 260 | _c1980 [1° Ed.:1970 - Ed.Ling.Originale:1970] | ||
| 300 | _a"330 p. (prefazione: no ; testo: 330)" | ||
| 500 | _aLessicologia Segni del Linguaggio lessicologia Antica Analisi del Contenuto Tradizione Lessicografica Unità e Ordine Filosofia Classica e Lessico Storia e comparazione delle forme lessicali Lessico nella Lingua Unità e relazioni Funzioni e relazioni nel Lessico Arbitrarietà e motivazione dei Segni lessicali Unità Lessicale relazioni tra le Unità e strutture Lessicalilessico ed Esperienza Umana Problema del Tempo lessicologia Diacronica ed Etimologia Lessico e Cultura Lessico e gruppi Umani lessicologia e Linguistica Contemporanee lessicologia e Semantica Lessico e Teoria della Comunicazione Unità Lessicale nelle Grammatiche generative e Modelli lessicologia Applicata Lessicografia e Traduzione Pedagogia e Lessico | ||
| 650 | _aSEMIOLOGIA | ||
| 650 | _eCodice materia Spics: 3251 | ||
| 942 | _cBK | ||
| 957 | _71 | ||
| 999 |
_c66062 _d66062 |
||
| 999 | _bSI | ||
| 999 | _g1 | ||